Bezpečné potraviny
Odborníci sa zhodujú v tom, že zárukou bezrizikovosti prídavných látok je pestrá, vyvážená strava. Rozruch okolo "E-čka". "Funkčné" prídavky v potravinách. Preverovanie neškodnosti. Kedy vzniká riziko. Pestrosť stravy - záruka bezpečnosti. Potravinová legislatíva na Slovensku.
Uložené v:
| Hlavný autor: | |
|---|---|
| Médium: | Kapitola |
| Jazyk: | Slovak |
| Predmet: | |
| Tagy: |
Žiadne tagy, Buďte prvý, kto otaguje tento záznam!
|
MARC
| LEADER | 00000naa$a2200000$$$4500 | ||
|---|---|---|---|
| 001 | 0026367 | ||
| 005 | 20231108140706.0 | ||
| 041 | 0 | |a slo | |
| 044 | |a SK | ||
| 245 | 1 | 0 | |a Bezpečné potraviny |c Terézia Šinková |
| 520 | |a Odborníci sa zhodujú v tom, že zárukou bezrizikovosti prídavných látok je pestrá, vyvážená strava. Rozruch okolo "E-čka". "Funkčné" prídavky v potravinách. Preverovanie neškodnosti. Kedy vzniká riziko. Pestrosť stravy - záruka bezpečnosti. Potravinová legislatíva na Slovensku. | ||
| 610 | 2 | 0 | |a potraviny |
| 610 | 2 | 0 | |a bezpečnosť potravinová |
| 610 | 2 | 0 | |a riziko |
| 610 | 2 | 0 | |a látky nebezpečné |
| 610 | 2 | 0 | |a legislatíva |
| 100 | 1 | |a Šinková, Terézia | |